000 01037cab a2200229 4500
001 ABS60638
008 090401t1999 xxu||||| |||| 00| 0 eng d
035 _a(Sirsi) u93519
041 _aeng
100 _aBaber, F.
245 _aAre RICS members fazed by facilities management?
260 _c1999
350 _a0
490 _aCSM (Chartered Surveyor Monthly)
_v8(9) May 1999, 40-41(2)
520 _aExamines facilities management (FM), and how it relates closely to the debate about the divisional structure of the RICS. Discusses the findings of a questionnaire sent to members. The research concludes that the RICS seems to lack unanimity on FM and that clarification of FM is needed for successful marketing of a chartered surveyor's ability to deal with strategic property matters. Charts. Full report FM the way forward available from RICS Books.
650 _aFACILITIES MANAGEMENT
_96240
650 _aFM FORUM
650 _aRICS
690 _aMANAGEMENT-FACILITIES MANAGEMENT
942 _n0
948 _c21/05/1999
999 _c59264
_d59264